000 00542nam a22001697a 4500
001 45647
003 BD-DhUET
008 250802b xxu||||| |||| 00| 0 eng d
040 _c0
_dBD-DhUET
100 _aArifur Rahman, Md.
245 _aOptimization of Methylammonium Tin Halide solar cell structure using machine learning and numerical simulations
260 _aDhaka
_bDepartment of Electrical and Electronic Engineering, BUET
_c2025
300 _axiv, 15-106 p.
501 _aOne CD-ROM
504 _aIncludes bibliographies
942 _cTH
999 _c45647
_d45647